| 000 | 00317 a2200109 4500 | ||
|---|---|---|---|
| 245 |
_aIssues in accounting education _hprint |
||
| 650 | _aACCOUNTING | ||
| 005 | 20191021100002.0 | ||
| 260 |
_aflu _bAmerican Accounting Association _cc1983- |
||
| 084 | _aHF5630 .I77 | ||
| 300 |
_av. : ill. _b 26 cm. _cv. : ill. ; 26 cm. |
||
| 500 | _aTitle from cover. | ||
| 999 |
_c12925 _d12925 |
||